000 00278 a2200109 4500
001 50701
040 _cAnchieta - Pituba
240 1 0 _aO Corpo Humano 2.0
_l
245 1 0 _aO Corpo Humano 2.0
650 4 _aObras enciclopédicas gerais de línguas espanhola e portuguesa
942 _cMU
999 _c50701
_d50701